Study on procession of bamboo pro9duction in kohsotin district, kompong cham province (សិក្សាពីដំណើរការផលិតកម្មដំណាំឬស្សីនៅស្រុកកោះសូទិនខេត្តកំពង់ចាម) (Record no. 3457)
[ view plain ]
| 000 -LEADER | |
|---|---|
| fixed length control field | 00728nam a22001697a 4500 |
| 003 - CONTROL NUMBER IDENTIFIER | |
| control field | LRUA |
| 005 - DATE AND TIME OF LATEST TRANSACTION | |
| control field | 20221125135901.0 |
| 008 - FIXED-LENGTH DATA ELEMENTS--GENERAL INFORMATION | |
| fixed length control field | 221125b xxu||||| |||| 00| 0 eng d |
| 040 ## - CATALOGING SOURCE | |
| Transcribing agency | RUA |
| 082 ## - DEWEY DECIMAL CLASSIFICATION NUMBER | |
| Classification number | FOR BIN 2009 B544 Or.1 |
| 100 ## - MAIN ENTRY--PERSONAL NAME | |
| Personal name | BIN, MEUN. |
| 245 ## - TITLE STATEMENT | |
| Title | Study on procession of bamboo pro9duction in kohsotin district, kompong cham province (សិក្សាពីដំណើរការផលិតកម្មដំណាំឬស្សីនៅស្រុកកោះសូទិនខេត្តកំពង់ចាម) |
| 260 ## - PUBLICATION, DISTRIBUTION, ETC. (IMPRINT) | |
| Place of publication, distribution, etc. | Phnom Penh |
| Name of publisher, distributor, etc. | RUA |
| Date of publication, distribution, etc. | 2009 |
| 300 ## - PHYSICAL DESCRIPTION | |
| Extent | x, 42p. |
| Other physical details | ill. |
| Dimensions | 29cm. |
| 856 ## - ELECTRONIC LOCATION AND ACCESS | |
| Uniform Resource Identifier | https://drive.google.com/file/d/1QKDisGYZeFNrhEGoBpBjMCiQH7MOSgz5/view?usp=sharing |
| 942 ## - ADDED ENTRY ELEMENTS (KOHA) | |
| Koha item type | FOR |
| Source of classification or shelving scheme | |
| Price effective from | Date last seen | Permanent Location | Not for loan | Date acquired | Source of classification or shelving scheme | Koha item type | Lost status | Withdrawn status | Date last checked out | Total Checkouts | Shelving location | Damaged status | Barcode | Current Location | Full call number |
|---|---|---|---|---|---|---|---|---|---|---|---|---|---|---|---|
| 2015-11-16 | 2015-11-16 | Library Block B | 2015-11-16 | FOR | B137 | RUA026478 | Library Block B | FOR BIN 2009 B137 Or.1 | |||||||
| 2015-11-16 | 2015-11-16 | Library Block B | 2015-11-16 | FOR | B137 | RUA026406 | Library Block B | FOR BIN 2009 B137 Or.2 | |||||||
| 2015-11-16 | 2017-08-05 | Library Block B | 2015-11-16 | FOR | 2017-07-31 | 1 | B137 | RUA026334 | Library Block B | FOR BIN 2009 B137 Or.3 | |||||
| 2015-11-16 | 2015-11-16 | Library Block B | 2015-11-16 | FOR | B137 | RUA026262 | Library Block B | FOR BIN 2009 B137 Or.4 | |||||||
| 2015-11-16 | 2015-11-16 | Library Block B | 2015-11-16 | FOR | B137 | RUA026349 | Library Block B | FOR BIN 2009 B137 Or.5 | |||||||
| 2019-05-03 | 2019-05-03 | Library Block B | 2019-05-03 | FOR | B544 | A40378 | Library Block B | FOR BIN 2009 B544 Or.1 | |||||||
| 2019-05-03 | 2019-05-03 | Library Block B | 2019-05-03 | FOR | B544 | A40401 | Library Block B | FOR BIN 2009 B544 Or.2 | |||||||
| 2019-05-03 | 2019-05-03 | Library Block B | 2019-05-03 | FOR | B544 | A40326 | Library Block B | FOR BIN 2009 B544 Or.3 | |||||||
| 2019-05-03 | 2019-05-03 | Library Block B | 2019-05-03 | FOR | B544 | A40251 | Library Block B | FOR BIN 2009 B544 Or.4 | |||||||
| 2019-05-03 | 2019-05-03 | Library Block B | 2019-05-03 | FOR | B544 | A40595 | Library Block B | FOR BIN 2009 B544 Or.5 |